| 000 | 00477cam a2200181ua 4500 | ||
|---|---|---|---|
| 020 | _c12.00 | ||
| 041 |
_aeng _h |
||
| 082 |
_a669 _bDOA/PR |
||
| 100 | _aDoan, Gilbert E . | ||
| 245 |
_aPrinciples of physical metallurgy, Part 1 & 2 / _cGilbert E Doan. _hTextual Documents |
||
| 250 |
_a3 / _b. |
||
| 260 |
_aNew York : _bMcGraw Hill Book Company , _c1952. |
||
| 300 |
_a331 : _b506 ; . |
||
| 365 | _a12.00 | ||
| 504 | _a | ||
| 942 | _cBK | ||
| 999 |
_c10567 _d10567 |
||